Translate from Serbian to Croatian - Statistics

General Stats
  • This quiz has been taken 91 times
  • The average score is 14 of 16
Answer Stats
Hint Answer % Correct
orman ormar
93%
đubre smeće
92%
izvajati isklesati
91%
točak kotač
91%
spanać špinat
91%
istorija povijest
90%
supa juha
88%
komšiluk susjedstvo
88%
pečurka gljiva
87%
šargarepa mrkva
87%
ker pas
86%
sopstveni vlastiti
85%
pirinač riža
83%
pacov štakor
83%
parče komadić
79%
hartija papir
64%
No matching quizzes found
Score Distribution
Percent of People with Each Score
Percentile by Number Answered
Your Score History
You have not taken this quiz